تز کر ہ معا صر شعر ا ۓ ٹو نک (Record no. 172085)

MARC details
000 -LEADER
fixed length control field 00680nam a22001937a 4500
005 - DATE AND TIME OF LATEST TRANSACTION
control field 20200127141555.0
010 ## - LCCN (DPL NO)
LC control number UR-10687
020 ## - INTERNATIONAL STANDARD BOOK NUMBER
Terms of availability 250.00
International Standard Book Number -
035 ## - SYSTEM CONTROL NUMBER
System control number U-9242
037 ## - SOURCE OF ACQUISITION
Source of stock number/acquisition DBAD/PUB
Stock number -
082 ## - DEWEY DECIMAL CLASSIFICATION NUMBER
Classification number 840.08
100 ## - MAIN ENTRY--PERSONAL NAME
Personal name عز يز اللہ شير ا نی
245 ## - TITLE STATEMENT
Title تز کر ہ معا صر شعر ا ۓ ٹو نک
Statement of responsibility, etc عز يز اللہ شير ا نی
246 ## - VARYING FORM OF TITLE
Remainder of title Tazkara-e-Muaasir Shoura -e-Tonk (Urdu)
Title proper/short title Editied by Dr.Azizullah Shirani
260 ## - PUBLICATION, DISTRIBUTION, ETC. (IMPRINT)
Place of publication, distribution, etc Rajisthan
Name of publisher, distributor, etc Rajisthan Urdu Academy
Date of publication, distribution, etc 2013 ء
270 ## - ADDRESS
Address J-15,Jhalana InstitutionalArea,
City Jaipur
Postal code 4
Telephone number -
Fax number -
300 ## - PHYSICAL DESCRIPTION
Extent 244 ص
Dimensions 22 Cm(Hb)
942 ## - ADDED ENTRY ELEMENTS (KOHA)
Source of classification or shelving scheme Dewey Decimal Classification
Item type Urdu Bks
Classification part 840.08
Call number suffix ع ز ی
Holdings
Withdrawn status Lost status Not for loan Collection code Home library Current library Date acquired Source of acquisition Cost, normal purchase price Full call number Barcode Cost, replacement price Koha item type
      Non-fiction Central Library Central Library 27/01/2020 BPPD/Ven. 250.00 840.08 ع ز ی U-9242 250.00 Urdu Bks

© Delhi Public Library
Hit Counter
free hit counter